Economic and Social Development 62nd International Scientific Conference on Economic and Social Development Development
Guardado en:
| Autor Corporativo: | |
|---|---|
| Otros Autores: | , , |
| Formato: | Libro |
| Lenguaje: | inglés |
| Publicado: |
Varazdin
Varazdin Development and Entrepreneurship Agency
2020
|
| Edición: | 1st Edition |
| Materias: | |
| Etiquetas: |
Sin Etiquetas, Sea el primero en etiquetar este registro!
|
MARC
| LEADER | 00000nlm a2200000 4500 | ||
|---|---|---|---|
| 001 | 0270944 | ||
| 005 | 20240506134732.5 | ||
| 022 | |a 1849-7535 | ||
| 041 | 0 | |a eng | |
| 044 | |a HR | ||
| 245 | 1 | 0 | |a Economic and Social Development |b 62nd International Scientific Conference on Economic and Social Development Development |c Editors: Ana Lorga da Silva, Tomislav Rados, Olga V. Kaurova |
| 250 | |a 1st Edition | ||
| 264 | 1 | |a Varazdin |b Varazdin Development and Entrepreneurship Agency |c 2020 | |
| 300 | |a 401 s. | ||
| 610 | 2 | 0 | |a rozvoj hospodársky |
| 610 | 2 | 0 | |a rozvoj sociálny |
| 610 | 2 | 0 | |a podnikanie |
| 700 | 1 | |a da Silva, Ana Lorga | |
| 700 | 1 | |a Rados, Tomislav | |
| 700 | 1 | |a Kaurova, Olga V. | |
| 110 | 2 | |a Economic and Social Development. International Scientific Conference on Economic and Social Development Development | |